Music Quiz

Random Music or Artist Quiz

Rock Band by Font Quiz Stats

Quiz Updated Aug 29, 2016

Also try: Fabulous Fonts
Challenge
Share
Tweet
Score 0/21 Timer 06:00
3 Plays Today
Band name % Correct
AC/DC
94.6%
KISS
73.6%
Korn
62.9%
Nirvana
56.7%
Led Zeppelin
50.8%
Def Leppard
43.8%
Iron Maiden
40.9%
Guns'n'Roses
40.2%
Pink Floyd
36.3%
Oasis
27.6%
Sex Pistols
25.6%
Band name % Correct
Scorpions
23.6%
Grateful Dead
22.3%
The Doors
20.6%
The Killers
19%
Aerosmith
16.3%
Rush
15.7%
Alice Cooper
8.1%
Pretenders
7.3%
Nickelback
7.3%
The Clash
7%

You're not logged in!

Compare scores with friends on all Sporcle quizzes.
Join for Free
OR
Log In

You Might Also Like...

Show Comments

Extras

Top Quizzes Today


Score Distribution

Your Account Isn't Verified!

In order to create a playlist on Sporcle, you need to verify the email address you used during registration. Go to your Sporcle Settings to finish the process.

Report this User

Report this user for behavior that violates our Community Guidelines.

Details: